000 00524nam a22002057a 4500
001 21578
005 20260318121443.0
008 260318b |||||||| |||| 00| 0 spa d
041 _aESP
082 _a347.3
_bC76
100 _aAlterini, Atilio Aníbal
_eDIR
245 _aContratación contemporánea :
_bcontratos modernos. Derecho del consumidor
260 _a :
_b ,
_c2001
300 _a000 páginas :
_b ;
_c00 cm.
440 _a ;
650 _aDER
654 _aCDE
700 _a;
942 _cLIB
_dJUS
_fJUS
_2ddc
999 _c21578
_d21578